Famous movie quotes (medium) - Statistics

General Stats
  • This quiz has been taken 69 times
  • The average score is 8 of 15
Answer Stats
Quote Movie % Correct
“May the Force be with you.” Star Wars
97%
“Hakuna Matata!” Lion King
90%
“Dobby is free.” Harry Potter
85%
“Wilson!” Cast away
68%
“You’re gonna need a bigger boat” Jaws
67%
“Are you not entertained?” Gladiator
60%
“May the odds be ever in your favor” Hunger Games
55%
“I’ve got a jar of dirt!” Pirates of the Caribbean
50%
“Stupid is as stupid does” Forrest Gump
47%
“You can’t handle the truth” A few good men
45%
“I don’t have friends. I got family.” Fast and Furious
35%
“Mission accomplished!” Mission Impossible
35%
“Eywa has heard you!” Avatar
17%
“Do you concur?” Catch me if you can
5%
“You make me be a better man” As good as it gets
3%
No matching quizzes found
Score Distribution
Percent of People with Each Score
Percentile by Number Answered
Your Score History
You have not taken this quiz